La coyuntura electoral 2005-2007: lecciones aprendidas de la perspectiva de los partidos políticos en Centroamérica /

Guardado en:
書目詳細資料
主要作者: Rosales, Rotsay
格式: Texto
標簽: 添加標簽
沒有標簽, 成為第一個標記此記錄!

MARC

LEADER 00000 a a2200000 04500
001 43589
003
040
100 |a Rosales, Rotsay  
245 |a La coyuntura electoral 2005-2007:   |b lecciones aprendidas de la perspectiva de los partidos políticos en Centroamérica /  |c Rotsay Rosales  
773 |g páginas 205-218  
999 |c 40003  |d 40003